00730nam a22002537a 450000500170000000800410001701000150005802000260007303500130009903700130011204000130012508200140013810000210015224500910017326000370026427000850030130000250038650000500041161000030046165000030046465100030046770000030047071000030047320110427103714.0110427t xxu||||| |||| 00| 0 eng d aENG-102317 a9788175332515c795.00 aEN-85850 bDBAD/PUB adplbEng a305.40954 aTiwari, Ramakant aWomen and kinship :cby Ramakant Tiwaribcomparitive perspectives on gender in Asia / aNew DelhibMD Publicationsc2010 a"MD House", 11, Darya GanjbNew Delhie110002k91-11-45355555mcontact@mdppl.com avi,304 p.c22cm (Hb) aIncludes bibliographical references and index